000 00939nam a22002057a 4500
999 _c62459
_d62459
003 Ge_BSU
005 20241113111058.0
008 241113s1961 ge ||||| |||| 00| 0 geo d
041 _ageo
080 _a611(075.3) 612(075.3) გ-21
100 _aგარიბიანი, რ.
_923677
245 _aადამიანის ანატომია და ფიზიოლოგია :
_bსაშ. სკოლის მე-8 კლ. სახელმძღვ /
_c რ. გარიბიანი, ნ. მარკოვი.
250 _aმე-6 გამოც.
264 _aთბილისი :
_bცოდნა,
_c1961.
300 _a255 გვ. :
_bილ; 8 ც. ფ. ტაბულ.
_c22 სმ.
653 _aადამიანის ანატომია
653 _aადამიანის ფიზიოლოგია
700 _aმარკოვი, ნ
_923678
942 _2udc
_cBK